La sociedad del riesgo: hacia una nueva modernidad
Guardat en:
| Autor principal: | |
|---|---|
| Format: | Llibre |
| Idioma: | espanyol |
| Publicat: |
Barcelona
Paidós Ibérica
2006
|
| Edició: | 1a. ed |
| Col·lecció: | Surcos, 25
|
| Matèries: | |
| Etiquetes: |
Afegir etiqueta
Sense etiquetes, Sigues el primer a etiquetar aquest registre!
|
MARC
| LEADER | 00000cam a2200000 a 4500 | ||
|---|---|---|---|
| 001 | UCJ9662 | ||
| 003 | CL-VaPUC | ||
| 008 | 070330e20060000SP |||||||||||||||||spa|d | ||
| 020 | |a 8449318920 | ||
| 082 | 0 | 4 | |a 320.01 |b BEC |2 21 |
| 100 | 0 | |a Beck, Ulrich |e author |9 519653 | |
| 245 | 1 | 3 | |a La sociedad del riesgo: hacia una nueva modernidad |
| 250 | |a 1a. ed | ||
| 300 | |a 393 p | ||
| 942 | |c BK | ||
| 945 | |d 20070330 00:00:00 |a cmena | ||
| 260 | |a Barcelona |b Paidós Ibérica |c 2006 | ||
| 650 | 7 | |a FILOSOFIA POLITICA |2 CL-VaPUC |9 519654 | |
| 650 | 0 | |a Igualdad social |9 358751 | |
| 650 | 0 | |a Antropología cultural y social |9 265143 | |
| 650 | 0 | |a Riqueza |9 256853 | |
| 650 | 7 | |a MODERNIZACION |2 CL-VaPUC |9 335311 | |
| 583 | |a last modification |c 20120829 12:34:38 |k Rodrigo Vera | ||
| 490 | 0 | |a Surcos, 25 | |
| 999 | |c 325082 |d 325080 | ||
| 952 | |0 0 |1 0 |4 0 |6 320_010000000000000_BEC_2006 |7 0 |8 A |9 405647 |a BIBHIS |b BIBHIS |d 2019-11-22 |i 4326687 |o 320.01 BEC 2006 |p 4326687 |r 2025-01-20 |w 2019-11-22 |y BK |k HIS | ||
| 952 | |0 0 |1 0 |4 0 |6 320_010000000000000_BEC_2006 |7 0 |8 A |9 405648 |a BIBCUR |b BIBCUR |d 2019-11-22 |i 4499530 |o 320.01 BEC 2006 |p 4499530 |r 2025-04-22 |w 2019-11-22 |y BK |k PER | ||
| 952 | |0 0 |1 0 |4 0 |6 320_010000000000000_BEC_2006 |7 0 |8 A |9 405649 |a BIBGIM |b BIBGIM |d 2019-11-22 |i 4609980 |l 6 |m 1 |o 320.01 BEC 2006 |p 4609980 |r 2025-01-15 |s 2024-09-26 |w 2019-11-22 |y BK |k MTS | ||
| 952 | |0 0 |1 0 |4 0 |6 320_010000000000000_BEC_2006 |7 0 |8 A |9 405650 |a BIBGIM |b BIBGIM |d 2019-11-22 |i 4609999 |l 8 |m 6 |o 320.01 BEC 2006 |p 4609999 |r 2025-01-15 |s 2024-09-25 |w 2019-11-22 |y BK |k MTS | ||
| 952 | |0 0 |1 0 |4 0 |6 320_010000000000000_BEC_2006 |7 0 |8 A |9 405651 |a BIBEDU |b BIBEDU |d 2019-11-22 |i 4899385 |o 320.01 BEC 2006 |p 4899385 |r 2019-11-22 |w 2019-11-22 |y BK |k PSI | ||
| 952 | |0 0 |1 0 |4 0 |6 320_010000000000000_BEC_2006 |7 0 |8 A |9 405652 |a BIBEDU |b BIBEDU |d 2019-11-22 |i 4899393 |o 320.01 BEC 2006 |p 4899393 |r 2019-11-22 |w 2019-11-22 |y BK |k PSI | ||